Las primeras empresas españolas (Record no. 127031)

MARC details
000 -LEADER
campo de control de longitud fija 00934nam a2200217 4500
001 - NÚMERO DE CONTROL
campo de control 127031
003 - IDENTIFICADOR DE NÚMERO DE CONTROL
campo de control ES-MaACL
005 - FECHA Y HORA DE LA ÚLTIMA TRANSACCIÓN
campo de control 20230906192929.0
007 - CAMPO FIJO DE DESCRIPCIÓN FÍSICA--INFORMACIÓN GENERAL
campo de control de longitud fija t|
008 - DATOS DE LONGITUD FIJA--INFORMACIÓN GENERAL
campo de control de longitud fija 070214s1967 sp r ||||1| spa d
110 2# - ENTRADA PRINCIPAL--NOMBRE DE ENTIDAD CORPORATIVA
Nombre de entidad corporativa o nombre de jurisdicción como elemento de entrada Sodeis (Madrid).
Unidad subordinada Gabinete de Estudios Económicos.
9 (RLIN) 6874
245 14 - MENCIÓN DEL TÍTULO
Título Las primeras empresas españolas
Resto del título : estudio económico, financiero, bursátil /
Mención de responsabilidad, etc. [director de estudios, Santiago Ribes Picot] ; [realizadores, Juan Benigno Romero, Sebastián Gómez-Acebo, Rosa María Pascualena Cambra].
260 ## - PUBLICACIÓN, DISTRIBUCIÓN, ETC.
Lugar de publicación, distribución, etc. Madrid :
Nombre del editor, distribuidor, etc. Sociedad Editorial de Economía y Finanzas,
Fecha de publicación, distribución, etc. 1967.
300 ## - DESCRIPCIÓN FÍSICA
Extensión 233 h. ;
Dimensiones 28 cm.
700 1# - ENTRADA AGREGADA--NOMBRE PERSONAL
Nombre de persona Ribes Picot, Santiago.
9 (RLIN) 96817
700 1# - ENTRADA AGREGADA--NOMBRE PERSONAL
Nombre de persona Benigno Romero, Juan.
9 (RLIN) 27592
700 1# - ENTRADA AGREGADA--NOMBRE PERSONAL
Nombre de persona Gómez-Acebo, Sebastián.
9 (RLIN) 57799
700 1# - ENTRADA AGREGADA--NOMBRE PERSONAL
Nombre de persona Pascualena Cambra, Rosa María.
9 (RLIN) 89410
710 2# - ENTRADA AGREGADA--NOMBRE DE ENTIDAD CORPORATIVA
Nombre de entidad corporativa o nombre de jurisdicción como elemento de entrada Sociedad Editorial de Economía y Finanzas (Madrid)
9 (RLIN) 6703
852 ## - LOCALIZACIÓN
Ubicación ES-MaACL
Número de control de estantería C-31480
Sublocalización o colección R.62135
Holdings
Estatus retirado Estado de pérdida Estado de daño No para préstamo Biblioteca de origen Biblioteca actual Ubicación en estantería Fecha de adquisición Fuente de adquisición Total de préstamos Signatura topográfica completa Código de barras Visto por última vez Precio de reemplazo Tipo de ítem Koha
        Biblioteca del Ateneo de Madrid Biblioteca del Ateneo de Madrid Depósito 2 17/01/2008     C-31480 1132309 23/02/2023 23/02/2023 Libro impreso